000
00349 a2200169 4500
001
166626
020
_a
978-85-08-10670-7
040
_c
Magnum
100
_a
Carrasco, Walcyr
240
1
0
_a
Vida de droga
_l
por
245
1
0
_a
Vida de droga
300
_a
176
362
0
_a
2007
440
1
_a
Ática
697
_a
LITERATURA JUVENIL
942
_c
BK
999
_c
166626
_d
166626